Digital logic techniques (Record no. 63564)

MARC details
000 -LEADER
fixed length control field 00912nam a2200193 a 4500
008 - FIXED-LENGTH DATA ELEMENTS--GENERAL INFORMATION
fixed length control field 120416s0000 ||||||||||||||||| || u
020 ## - INTERNATIONAL STANDARD BOOK NUMBER
International Standard Book Number 0748744495
050 ## - LIBRARY OF CONGRESS CALL NUMBER
Classification number TK 7868.D5 Sto
100 ## - MAIN ENTRY--PERSONAL NAME
Personal name Stonham, T. J
245 10 - TITLE STATEMENT
Title Digital logic techniques
246 ## -
-- principles and practice
250 ## - EDITION STATEMENT
Edition statement 3rd ed.
260 ## - PUBLICATION, DISTRIBUTION, ETC.
Place of publication, distribution, etc. Chelenham
Name of publisher, distributor, etc. Chapman & Hall
Date of publication, distribution, etc. 1996
300 ## - PHYSICAL DESCRIPTION
Extent xii, 199p. : ill.
350 ## -
-- 0.00
995 ## -
-- MAIN LIBRARY OPEN ACCESS
-- 0.00
-- 735565
-- CBU-MAIN LIBRARY (Kitwe)
-- 1
-- 17.90
-- TK 7868.D5 Sto
-- 1
-- AVAILABLE
-- 48576
-- Main Library Open Access Collection
995 ## -
-- ANNEX COLLECTION (Main Library)
-- 0.00
-- 735566
-- CBU-MAIN LIBRARY (Kitwe)
-- 3
-- 17.90
-- TK 7868.D5 Sto
-- 3
-- AVAILABLE
-- Jun 27, 2006
-- 48574
-- Annex Low-Usage Collection
995 ## -
-- MAIN LIBRARY OPEN ACCESS
-- 0.00
-- 735567
-- CBU-MAIN LIBRARY (Kitwe)
-- 2
-- 17.90
-- TK 7868.D5 Sto
-- 2
-- AVAILABLE
-- 48676
-- Main Library Open Access Collection
999 ## -
-- 63564
-- 63564
Holdings
Withdrawn status Lost status Source of classification or shelving scheme Damaged status Not for loan Permanent Location Current Location Shelving location Date acquired Total Checkouts Full call number Barcode Date last seen Copy number Price effective from Koha item type
          CBU-MAIN LIBRARY, KITWE. CBU-MAIN LIBRARY, KITWE.   12/27/2022   TK 7868.D5 Sto 48576 12/27/2022 1 12/27/2022 MONOGRAPH
          CBU-MAIN LIBRARY, KITWE. CBU-MAIN LIBRARY, KITWE.   12/27/2022   TK 7868.D5 Sto 48574 12/27/2022 2 12/27/2022 MONOGRAPH
          CBU-MAIN LIBRARY, KITWE. CBU-MAIN LIBRARY, KITWE.   12/27/2022   TK 7868.D5 Sto 48676 12/27/2022 3 12/27/2022 MONOGRAPH